| 000 | 01056nam a2200217Ia 4500 | ||
|---|---|---|---|
| 003 | Ost | ||
| 005 | 20260507075712.0 | ||
| 008 | 260507s9999||||xx |||||||||||||| ||und|| | ||
| 040 | _cfsecg | ||
| 041 | _aara | ||
| 100 |
_aالحناوي، محمد صالح _eمؤلف |
||
| 245 | 0 |
_aبحوث العمليات في تخطيط ومراقبة الإنتاج / _c محمد صالح الحناوي |
|
| 260 |
_aالإسكندرية: _bالدار الجامعية, _c2001 |
||
| 300 |
_a525 صفحة؛ _bإيضاحات ؛ _c24 سم |
||
| 520 | _aالتنبؤ- المدخل الكمي في اتخاذ القرارات- البرمجة الخطية- تخطيط الإنتاج- جدولة الإنتاج- أسلوب تقييم ومراجعة البرامج- نظريات المباريات- المحاكاة- الرقابة على المخزون حالة الطلب المعتمد | ||
| 653 | _aاتخاذ القرارات | ||
| 653 | _aالإنتاج | ||
| 653 | _aالتخطيط | ||
| 700 |
_aمحمد، توفيق _eمؤلف ثانوي |
||
| 942 | _cكتاب | ||
| 999 |
_c45897 _d45897 |
||